000 00510nam a22001817a 4500
008 150601b xxu||||| |||| 00| 0 eng d
020 _a9780136003328
041 0 _aeng
080 _a33
100 1 _aHubbard, R. Glenn.
245 1 0 _aEconomics /
_cR. Glenn Hubbard, Anthony Patrick O'Brien.
250 _a2nd ed.
260 _aUpper Saddle River, N.J. :
_bPearson Prentice Hall,
_cc2008.
300 _a1066. [36] f.:
_bme il.;
_c29 cm.
505 _aIndex: f. I3-I25
650 0 _aEkonomiks
942 _2udc
_cBK
999 _c930
_d930